| 000 | 00551nam a22001817a 4500 | ||
|---|---|---|---|
| 003 | 0 | ||
| 005 | 20231227095445.0 | ||
| 008 | 231227b xxu||||| |||| 00| 0 eng d | ||
| 020 | _a978-1538-21729-0 | ||
| 050 |
_aTR _bIkn26 2019 |
||
| 082 |
_aTR _bIkn26 2019 |
||
| 100 | _aRichard Little | ||
| 245 |
_aI know about telling time _cRichard Little |
||
| 260 |
_aNew York _bGareth Stevens Publishing Inc. _cc2019. |
||
| 300 |
_a23 pages : _bcolored illustrations ; _c19cm. |
||
| 650 | _aClocks and watches--Juvenile literature. | ||
| 942 |
_2ddc _cBK |
||
| 999 |
_c365783 _d365783 |
||